|
|
|
|
| LEADER |
00000nam0a2200000 4500 |
| 001 |
178557 |
| 005 |
20231031165929.0 |
| 010 |
|
|
|a 9785974701313
|
| 035 |
|
|
|a (RuTPU)RU\TPU\book\193565
|
| 090 |
|
|
|a 178557
|
| 100 |
|
|
|a 20100408d2008 k y0rusy50 ca
|
| 101 |
0 |
|
|a rus
|
| 102 |
|
|
|a RU
|
| 105 |
|
|
|a a z 001zy
|
| 200 |
1 |
|
|a Геохимия окружающей среды Прибайкалья. Байкальский геоэкологический полигон
|f В. И. Гребенщикова [и др.]
|g Российская академия наук (РАН), Сибирское отделение (СО), Институт геохимии им. А. П. Виноградова (ИГХ)
|
| 210 |
|
|
|a Новосибирск
|c Гео
|d 2008
|
| 215 |
|
|
|a 234 с.
|c ил.
|
| 320 |
|
|
|a Библиогр.: с. 226-232.
|
| 330 |
|
|
|a Впервые для Байкальского региона приведены геохимические данные по распределению различных химических элементов в компонентах окружающей среды (коренные породы, почвы, донные осадки, поверхностные воды), полученные по результатам мелкомасштабного геохимического картирования (1:1 000 000) и специальных геохимических исследований. Даны статистические параметры распределения элементов (минимальное, максимальное, среднее, медиана, дисперсия и др.), на картах-схемах показаны особенности строения геохимических полей, места нахождения повышенных (аномальных) содержаний химических элементов по сравнению с региональными фоновыми и кларковыми содержаниями. Региональные геохимические исследования окружающей среды позволили выявить специализированные природные и техногенные геохимические провинции, установить биогеохимический "отклик" на химические изменения в окружающей среде, выяснить причины миграции химических элементов и накопления их на геохимических барьерах, определить содержания экологически важных элементов - Se, F, S, U, Hg (приоритетных избыточных и дефицитных) и влияние их на здоровье человека. Геохимические карты-схемы характеризуют химический состав природных образований и антропогенную нагрузку в пределах Прибайкалья, представляя это в виде ранжированных полей рассеяния и концентрирования химических элементов. На примере Байкальского полигона показана целесообразность комплексирования методов (изучение разных компонентов окружающей среды) с проведением опытно-методических работ по опорным профилям для установления связей между характеристиками различных геохимических сред как основы для решения теоретических вопросов миграции элементов, их антропогенной нагрузки и практических задач выделения металлогенических провинций.
|
| 606 |
1 |
|
|a Химические элементы
|x Рспределение в окружающей среде
|2 stltpush
|3 (RuTPU)RU\TPU\subj\69439
|
| 610 |
1 |
|
|a геохимия
|
| 610 |
1 |
|
|a окружающая среда
|
| 610 |
1 |
|
|a Прибайкалье
|
| 610 |
1 |
|
|a петрогенные элементы
|
| 610 |
1 |
|
|a редкие элементы
|
| 610 |
1 |
|
|a рудные элементы
|
| 610 |
1 |
|
|a летучие элементы
|
| 610 |
1 |
|
|a геохимические особенности
|
| 675 |
|
|
|a 550.423
|v 3
|
| 701 |
|
1 |
|a Гребенщикова
|b В. И.
|g Валентина Ивановна
|
| 701 |
|
1 |
|a Лустенберг
|b Э. Е.
|g Эсфирь Евгеньевна
|
| 701 |
|
1 |
|a Китаев
|b Н. А.
|g Наум Анисимович
|
| 701 |
|
1 |
|a Ломоносов
|b И. С.
|g Игорь Сергеевич
|
| 712 |
0 |
2 |
|a Российская академия наук (РАН)
|b Сибирское отделение (СО)
|b Институт геохимии им. А. П. Виноградова (ИГХ)
|c (Иркутск)
|2 stltpush
|3 (RuTPU)RU\TPU\col\298
|
| 801 |
|
1 |
|a RU
|b 63413507
|c 20100408
|
| 801 |
|
2 |
|a RU
|b 63413507
|c 20100430
|g RCR
|
| 942 |
|
|
|c BK
|